Himalayan art; (Record no. 76645)
[ view plain ]
| 000 -LEADER | |
|---|---|
| fixed length control field | 01075cam a2200325 4500 |
| 001 - CONTROL NUMBER | |
| control field | 76645 |
| 003 - CONTROL NUMBER IDENTIFIER | |
| rucl marc code | BD-RjUL |
| 005 - DATE AND TIME OF LATEST TRANSACTION | |
| control field | 20211209082852.0 |
| 008 - FIXED-LENGTH DATA ELEMENTS--GENERAL INFORMATION | |
| fixed length control field | 191229c19711968nyuab b 00000 eng |
| 035 ## - SYSTEM CONTROL NUMBER | |
| System control number | (BD-RjUL) |
| System control number | 1135605 |
| 040 ## - CATALOGING SOURCE | |
| Original cataloging agency | ANL |
| Language of cataloging | eng |
| Modifying agency | ANL |
| Transcribing agency | BD-RjUL |
| 041 ## - LANGUAGE CODE | |
| Language code of text/sound track or separate title | eng |
| 043 ## - GEOGRAPHIC AREA CODE | |
| Geographic area code | ah----- |
| 082 0# - DEWEY DECIMAL CLASSIFICATION NUMBER | |
| Classification number | 709.54 |
| Edition number | 23 |
| Author mark and year | SIH 1971 |
| 100 1# - MAIN ENTRY--PERSONAL NAME | |
| Personal name | Singh, Madanjeet. |
| 9 (RLIN) | 237107 |
| 245 10 - TITLE STATEMENT | |
| Title | Himalayan art; |
| Remainder of title | wall-painting and sculpture in Iadakh, Lahaul and Spiti, the Siwalik Ranges, Nepal, Sikkim, and Bhutan./ |
| Statement of responsibility, etc. | Madanjeet Singh |
| 260 ## - PUBLICATION, DISTRIBUTION, ETC. (IMPRINT) | |
| Place of publication, distribution, etc. | [New York] |
| Name of publisher, distributor, etc. | Macmillan |
| Date of publication, distribution, etc. | [1971, c1968] |
| 300 ## - PHYSICAL DESCRIPTION | |
| Pagination | 287 p. : |
| Illustrations | illus. (part col.), map.; |
| Size | 22 cm. |
| 490 1# - SERIES STATEMENT | |
| Series statement | Unesco art books |
| 500 ## - GENERAL NOTE | |
| General note | "Published in agreement with Unesco." |
| 504 ## - BIBLIOGRAPHY, ETC. NOTE | |
| Bibliography, etc | Bibliography: p. 281-282. |
| 650 #0 - SUBJECT ADDED ENTRY--TOPICAL TERM | |
| Topical term or geographic name as entry element | Mural painting and decoration |
| Geographic subdivision | Himalaya region. |
| 9 (RLIN) | 237108 |
| Topical term or geographic name as entry element | Sculpture |
| Geographic subdivision | Himalaya region. |
| 9 (RLIN) | 237109 |
| 830 #0 - SERIES ADDED ENTRY--UNIFORM TITLE | |
| Uniform title | Unesco art books. |
| 942 ## - ADDED ENTRY ELEMENTS (KOHA) | |
| Source of classification or shelving scheme | Dewey Decimal Classification |
| Koha item type | Books |
| Lost status | Source of classification or shelving scheme | Damaged status | Not for loan | Collection code | Permanent Location | Current Location | Shelving location | Date acquired | Source of acquisition | Total Checkouts | Full call number | Date last seen | Copy number | Koha item type |
|---|---|---|---|---|---|---|---|---|---|---|---|---|---|---|
| Dewey Decimal Classification | Not For Loan | Non-fiction | Central Library, University of Rajshahi | Central Library, University of Rajshahi | 06/07/1974 | India Govt | 709.54 SIH 1971 | 29/12/2019 | C-1 | Books |